| 000 | 01300nam a22003618a 4500 | ||
|---|---|---|---|
| 001 | 013751953 | ||
| 003 | EG-ScBUE | ||
| 005 | 20220209142057.0 | ||
| 008 | 070516s2011 enka f 000 f eng d | ||
| 020 | _a1407130234 | ||
| 020 | _a9781407130231 | ||
| 040 |
_aEG-ScBUE _beng _erda _cEG-ScBUE _dEG-ScBUE |
||
| 082 | 0 | 4 |
_a823.914 _222 _bPUL |
| 100 | 1 |
_aPullman, Philip, _d1946- _eauthor. _933947 |
|
| 245 | 1 | 4 |
_aThe subtle knife / _cPhilip Pullman. |
| 264 | 1 |
_aLondon : _bScholastic Children's Books, _c2011. |
|
| 300 |
_a325 pages, [8] pages of plates : _billustrations ; _c20 cm. |
||
| 336 |
_2rdacontent _atext _btxt |
||
| 337 |
_2rdamedia _aunmediated _bn |
||
| 338 |
_2rdacarrier _avolume _bnc |
||
| 490 | 0 |
_aHis dark materials ; _v 2 |
|
| 500 | _aOriginally published: 1997. | ||
| 586 | _aA bestselling, award-winning masterpiece by one of the greatest storytellers of all time | ||
| 600 | 1 | 7 |
_aBelacqua, Lyra _c(Fictitious character) _vFiction. _2BUEsh |
| 600 | 1 | 7 |
_aParry, Will _c(Fictitious character) _vFiction. _2BUEsh |
| 650 | 7 |
_aMissing persons _vFiction. _2BUEsh |
|
| 650 | 7 |
_aKidnapping _vFiction. _2BUEsh _940151 |
|
| 650 | 7 |
_aFantasy fiction, English. _2BUEsh |
|
| 651 | _2BUEsh | ||
| 653 |
_cOctober2013 _dBestSellers _bHHUUEENN |
||
| 655 |
_vReading book _934232 |
||
| 942 |
_2ddc _cBB |
||
| 999 |
_c17614 _d17586 |
||